000 00356nam a2200145Ia 4500
999 _c282
_d282
020 _a0-208-01363-3
082 _a302.2 MCG-;
100 _aMcGarry, K.J.
245 0 _aCommunication knowledge and the librarian
260 _aLondon
_bClive Bingley
_c1975
300 _a207p.
650 _aLibraries - London
650 _aCommunication - London
942 _cBK